Search the Library Catalogue
| 000 -LEADER | |
|---|---|
| fixed length control field | 01834nam a2200169Ia 4500 |
| 008 - FIXED-LENGTH DATA ELEMENTS--GENERAL INFORMATION | |
| fixed length control field | 260302s9999 xx 000 0 und d |
| 020 ## - INTERNATIONAL STANDARD BOOK NUMBER | |
| ISBN | 9781858989679 |
| 082 ## - DEWEY DECIMAL CLASSIFICATION NUMBER | |
| Classification number | 338.926 |
| Item number | GRA |
| 100 ## - MAIN ENTRY--AUTHOR NAME | |
| Personal name | Granstrand, Ove |
| 245 #0 - TITLE STATEMENT | |
| Title | The Economics and Management of Intellectual Property / |
| Statement of responsibility, etc | Granstrand, Ove |
| 260 ## - PUBLICATION, DISTRIBUTION, ETC. (IMPRINT) | |
| Name of publisher | Edward Elgar Publishing, |
| Year of publication | 2000 |
| 300 ## - PHYSICAL DESCRIPTION | |
| Number of Pages | 484 pages |
| 520 ## - SUMMARY, ETC. | |
| Summary, etc | This unique book - informed by ten years' research - focuses on intellectual property and charts the global transition towards intellectual capitalism with technology-based corporations as prime movers. The book gives a comprehensive overview of the history and fundamentals of intellectual property as well as a textbook introduction to the field. The book sheds new light on the economics and management of intellectual property in large corporations in Europe, Japan and the US. Special emphasis is given to strategies for the acquisition and commercialization of new technologies, patent strategies and strategies for secrecy and trademark, technology intelligence and corporate management of intellectual property. It includes an in-depth study of leading large corporations in Japan - including Canon, Hitachi, Toshiba and Sony. In conclusion, it explores the possible evolution of intellectual property management towards a distributed intellectual capital management in the context of a wider transition to intellectual capitalism, fueled by new technologies in general and new infocom technologies in particular. The book will have particular appeal to practitioners such as managers, economists, engineers and lawyers as well as students and scholars of industrial organization, economics of innovation and technical change, and management of technology. |
| 650 ## - SUBJECT ADDED ENTRY--TOPICAL TERM | |
| Topical Term | Business & Economics |
| 942 ## - ADDED ENTRY ELEMENTS (KOHA) | |
| Koha item type | English Books |
| Withdrawn status | Lost status | Damaged status | Not for loan | Home library | Current library | Shelving location | Date acquired | Full call number | Accession Number | Price effective from | Koha item type |
|---|---|---|---|---|---|---|---|---|---|---|---|
| Anna Centenary Library | Anna Centenary Library | 4TH FLOOR, A WING | 02.03.2026 | 338.926 GRA | 359570 | 02.03.2026 | English Books |